| 000 | 01459 a2200229 4500 | ||
|---|---|---|---|
| 001 | 54954 | ||
| 005 | 20260407155825.0 | ||
| 008 | 260407a2000 arg spa d | ||
| 003 | AR-UNSa-BCEJYS | ||
| 040 |
_aAR-UNSa-BCEJYS _bspa _cAR-UNSa-BCEJYS |
||
| 080 |
_a27(82) _xHistoria General de la Iglesia Cristiana Argentina |
||
| 245 | 1 | 0 | _aHistoria de la iglesia argentina |
| 020 | _a987-9397-17-7 | ||
| 264 | 1 |
_aBuenos Aires : _bGrijalbo Mondadari _c2000 |
|
| 300 |
_a604 p. _c20 cm. |
||
| 505 | _aPrimera parte: La cristiandad colonial (1530-1830) - I. El trasplante religioso - II. El cuadro institucional - III. El clero - IV. La compañía de Jesús y las reducciones del Paraguay - V. La cultura eclesiástica - VI. La vida devocional,las prácticas religiosas y la cura de almas a fines del período colonial - VII. La crisis de la Iglesia colonial - Segunda parte: El largo camino a la unidad (1830-1865) - I. Las Iglesias rioplatenses en la Argentina - II. Las Iglesias rioplatenses y el proceso de organización nacional - Tercera parte: La Iglesia argentina comtemporánea (1865-1983) - I. Los primeros pasos de la Iglesia argentina - II. Las ideas y la organización.La maduración de la Iglesia argentina - III. Entre Pío XII,Perón y el Concilio Vaticano II - IV. El infinito Concilio de la Iglesia | ||
| 041 | _aspa | ||
| 942 | _cBK | ||
| 590 | _aniveau_biblio:m niveau_hierar:0 | ||
| 100 | 1 | _aDi Stefano, Roberto | |
| 700 | 1 | _aZanatta, Loris | |
| 999 |
_c5841 _d5841 |
||